| 000 | 00480 a2200169 4500 | ||
|---|---|---|---|
| 001 | 189427 | ||
| 020 | _a978-85-7631-303-8 | ||
| 040 | _cMagnum | ||
| 100 | _aFundação Alexandre de Gusmão | ||
| 240 | 1 | 0 |
_aGeopolítica das drogas _lPOR |
| 245 | 1 | 0 | _aGeopolítica das drogas |
| 300 | _a200 | ||
| 362 | 0 | _a2011 | |
| 440 | 1 | _aFundação Alexandre de Gusmão | |
| 697 | _aRELALÇÕES INTERNACIONAIS, POLÍTICA MUNDIAL. POLÍTICA INTERNACIONAL. POLÍTICA EXTERNA | ||
| 942 | _cBK | ||
| 999 |
_c189427 _d189427 |
||